西鉄〇〇駅 - Statistics

General Stats
  • This quiz has been taken 62 times
  • The average score is 9 of 13
Answer Stats
Answer % Correct
西鉄福岡(天神)
98%
西鉄久留米
90%
西鉄二日市
86%
西鉄柳川
86%
西鉄小郡
69%
西鉄新宮
67%
西鉄平尾
60%
西鉄銀水
60%
西鉄香椎
59%
西鉄五条
55%
西鉄千早
55%
西鉄渡瀬
41%
西鉄中島
34%
No matching quizzes found
Score Distribution
Percent of People with Each Score
Percentile by Number Answered
Your Score History
You have not taken this quiz